00476nam a2200193 a 4500001001300000003000900013005001700022008004100039020001100080082001800091100002600109245001100135260004200146300000700188500003500195505001000230650001600240700002600256nice12345678IN_TiNIC20260116011931.0050524s0000 alia grp 000 0 urd  ac0.7500a891.4391bTAB aTaban, Ghulam Rabbani aTabaan aAligarhbAnjuman Taraqqi-E-Urduc0000 a64 aincludes index and biblioraphy2 aNotes aUrdu-Poetry1 aTaban, Ghulam Rabbani